Škola podnikových financií. 15 Hodnotenie likvidity obežného majetku

Pokračovanie v analýze možností alokácie zdrojov do obežného majetku a hodnotenie likvidity obežného majetku. Ukazovatele likvidity.

Salvato in:
Dettagli Bibliografici
Autore principale: Daniel, Peter
Altri autori: Krištofík, Peter
Natura: Capitolo di libro
Lingua:slovacco
Soggetti:
Tags: Aggiungi Tag
Nessun Tag, puoi essere il primo ad aggiungerne!!

MARC

LEADER 00000naa a2200000 4500
001 r022959
005 20230801104501.8
041 0 |a slo 
044 |a SK 
245 1 0 |a Škola podnikových financií. 15  |b Hodnotenie likvidity obežného majetku  |c Peter Daniel, Peter Krištofík 
520 |a Pokračovanie v analýze možností alokácie zdrojov do obežného majetku a hodnotenie likvidity obežného majetku. Ukazovatele likvidity. 
610 2 0 |a financie podnikové 
610 2 0 |a majetok obežný 
610 2 0 |a likvidita 
100 1 |a Daniel, Peter 
700 1 |a Krištofík, Peter